[Event "Winnipeg TNT 2023.04"]
[Site "Winnipeg CAN"]
[Date "2023.04.11"]
[Round "2.2"]
[White "Hansima, Charitha"]
[Black "Pottinger, Carl"]
[Result "1/2-1/2"]
[WhiteElo "1729"]
[BlackElo "1816"]
[PlyCount "51"]
[EventDate "2023.04.04"]
[EventType "swiss"]
[EventRounds "4"]
[EventCountry "CAN"]

1. Nf3 c5 2. b3 d6 3. Bb2 Nf6 4. g3 g6 5. Bg2 Bg7 6. O-O O-O 7. d3 Nc6 8. Nbd2
e5 9. e3 h6 10. Qe2 Be6 11. Nc4 Qd7 12. e4 b5 13. Ne3 Bh3 14. c4 Nd4 15. Nxd4
cxd4 16. Nd5 Nxd5 17. cxd5 Bxg2 18. Kxg2 Rac8 19. f4 f5 20. fxe5 dxe5 21. Rf2
fxe4 22. Rxf8+ Bxf8 23. dxe4 Bb4 24. Rf1 Rf8 25. Rxf8+ Kxf8 26. Qc2 1/2-1/2

[Event "Winnipeg TNT 2023.04"]
[Site "Winnipeg CAN"]
[Date "2023.04.11"]
[Round "2.3"]
[White "Dhillon, Iqvinder"]
[Black "Kumbharathi, Harsha"]
[Result "1/2-1/2"]
[WhiteElo "1810"]
[BlackElo "1239"]
[PlyCount "40"]
[EventDate "2023.04.04"]
[EventType "swiss"]
[EventRounds "4"]
[EventCountry "CAN"]

1. b3 e5 2. Bb2 Nc6 3. e3 d5 4. Bb5 Bd7 5. Bxc6 Bxc6 6. Bxe5 f6 7. Bb2 d4 8.
Nf3 d3 9. O-O dxc2 10. Qxc2 Bxf3 11. gxf3 Bd6 12. Qe4+ Ne7 13. Qxb7 f5 14. Qb5+
c6 15. Qe2 Bxh2+ 16. Kxh2 Qd6+ 17. f4 Qh6+ 18. Kg3 Qg6+ 19. Kh2 Qh6+ 20. Kg2
Qg6+ 1/2-1/2

[Event "Winnipeg TNT 2023.04"]
[Site "Winnipeg CAN"]
[Date "2023.04.11"]
[Round "2.4"]
[White "Stordeur, Jackson"]
[Black "Atem, James"]
[Result "1/2-1/2"]
[WhiteElo "1652"]
[BlackElo "1803"]
[PlyCount "98"]
[EventDate "2023.04.04"]
[EventType "swiss"]
[EventRounds "4"]
[EventCountry "CAN"]

1. d4 Nf6 2. Bf4 d5 3. e3 Bf5 4. Nf3 Nbd7 5. c4 c6 6. Qb3 Qc8 7. Nc3 dxc4 8.
Bxc4 e6 9. Nh4 Bg4 10. h3 Bh5 11. g4 Bg6 12. Nxg6 hxg6 13. g5 Nd5 14. Nxd5 exd5
15. Be2 Nb6 16. h4 Qd7 17. a4 Nc8 18. O-O-O Bd6 19. Kb1 O-O 20. h5 Re8 21. Bxd6
Nxd6 22. Qc2 gxh5 23. Rxh5 g6 24. Rh4 Qf5 25. Qxf5 Nxf5 26. Rhh1 Kg7 27. Bd3
Nd6 28. Rh4 Rh8 29. Rdh1 Rxh4 30. Rxh4 Rh8 31. Rxh8 Kxh8 32. b4 a6 33. Kc2 Kg7
34. Kb3 f6 35. gxf6+ Kxf6 36. b5 axb5 37. axb5 g5 38. bxc6 bxc6 39. Kb4 Ke7 40.
Kc5 Kd7 41. f3 Kc7 42. e4 dxe4 43. fxe4 Nb7+ 44. Kc4 g4 45. Bf1 Nd6+ 46. Kd3
Kd7 47. Ke3 Ke6 48. Kf4 g3 49. Bg2 Nb5 1/2-1/2

[Event "Winnipeg TNT 2023.04"]
[Site "Winnipeg CAN"]
[Date "2023.04.11"]
[Round "2.5"]
[White "Schwartz, Elazar"]
[Black "Minano, John"]
[Result "1-0"]
[WhiteElo "779"]
[BlackElo "1742"]
[PlyCount "105"]
[EventDate "2023.04.04"]
[EventType "swiss"]
[EventRounds "4"]
[EventCountry "CAN"]

1. d4 Nf6 2. c4 g6 3. Nc3 Bg7 4. Bg5 h6 5. Bh4 g5 6. Bg3 d6 7. f3 Nh5 8. Bf2 c6
9. e3 a6 10. Bd3 b5 11. Nge2 Nd7 12. Qd2 Rb8 13. cxb5 axb5 14. a3 O-O 15. O-O
Nb6 16. b3 f5 17. f4 g4 18. Qc2 d5 19. Na2 Bb7 20. Bxf5 Bc8 21. Bxc8 Rxc8 22.
Bh4 Qd6 23. b4 Nc4 24. Qc3 Nf6 25. Bxf6 Bxf6 26. Nac1 Qe6 27. Kf2 Bh4+ 28. g3
Bf6 29. Nb3 Qe4 30. Nd2 Nxd2 31. Qxd2 Ra8 32. Nc3 Qh7 33. a4 bxa4 34. Rxa4 Rxa4
35. Nxa4 e5 36. dxe5 Bxe5 37. Ke2 Bf6 38. Rc1 Qb7 39. Nc5 Qb5+ 40. Kf2 Ra8 41.
Rb1 Qc4 42. Qd3 Ra2+ 43. Kg1 Qxd3 44. Nxd3 Re2 45. Re1 Rd2 46. Nf2 Rb2 47. Nxg4
Bg7 48. Rc1 Rxb4 49. Rxc6 d4 50. exd4 Bxd4+ 51. Kg2 Rb2+ 52. Kh3 h5 53. Nf6+
1-0

[Event "Winnipeg TNT 2023.04"]
[Site "Winnipeg CAN"]
[Date "2023.04.11"]
[Round "2.6"]
[White "Bilugan, Mason"]
[Black "Boron, Anthony"]
[Result "0-1"]
[WhiteElo "1333"]
[BlackElo "2014"]
[PlyCount "80"]
[EventDate "2023.04.04"]
[EventType "swiss"]
[EventRounds "4"]
[EventCountry "CAN"]

1. d4 Nf6 2. c4 c5 3. d5 b5 4. e3 bxc4 5. Bxc4 g6 6. Nc3 Bg7 7. Nf3 d6 8. O-O
O-O 9. Re1 Bg4 10. h3 Bc8 11. e4 Nfd7 12. Bf4 Nb6 13. Bf1 Bb7 14. Qc1 Re8 15.
a4 Ba6 16. Nb5 Qd7 17. Rd1 Nxa4 18. Rxa4 Bxb5 19. Ra3 Bxf1 20. Rxf1 Qb5 21. b3
Na6 22. e5 Nb4 23. Qd1 Red8 24. exd6 exd6 25. Qd2 a6 26. Bh6 Qd3 27. Qf4 Nxd5
28. Qh4 Re8 29. Ra4 Nb4 30. Bxg7 Kxg7 31. Ng5 h6 32. Nf3 Qxb3 33. Rfa1 Qd3 34.
Qg3 Re6 35. R4a3 Qf5 36. Ra4 Rb8 37. Nh4 Qe5 38. Qb3 Qd4 39. Qg3 Rf6 40. Nf3
Qf4 0-1

[Event "Winnipeg TNT 2023.04"]
[Site "Winnipeg CAN"]
[Date "2023.04.11"]
[Round "2.7"]
[White "Ling, Aiden"]
[Black "Bince, Rolando"]
[Result "0-1"]
[WhiteElo "1028"]
[BlackElo "1855"]
[PlyCount "78"]
[EventDate "2023.04.04"]
[EventType "swiss"]
[EventRounds "4"]
[EventCountry "CAN"]

1. e4 Nf6 2. e5 Nd5 3. Bc4 Nb6 4. Bb3 d5 5. d4 Bf5 6. Nf3 e6 7. O-O N8d7 8. Bf4
c5 9. c3 Be7 10. Nbd2 g5 11. Bg3 h5 12. h3 g4 13. Nh4 Bxh4 14. Kh2 gxh3 15.
gxh3 cxd4 16. cxd4 Rc8 17. Nf3 Bxg3+ 18. fxg3 h4 19. Nxh4 Rxh4 20. gxh4 Qxh4
21. Rf3 Bg4 22. Qe2 Bxf3 23. Qxf3 Qxd4 24. Qg2 Qf4+ 25. Kg1 Rc1+ 26. Rxc1 Qxc1+
27. Kh2 Qf4+ 28. Kg1 Qxe5 29. h4 Nf6 30. a4 Qe1+ 31. Kh2 Qxh4+ 32. Kg1 Ke7 33.
Qc2 Nc4 34. Qe2 Qg3+ 35. Kf1 Ne3+ 36. Qxe3 Qxe3 37. Bd1 Ne4 38. Kg2 Qg3+ 39.
Kf1 Qf2# 0-1

[Event "Winnipeg TNT 2023.04"]
[Site "Winnipeg CAN"]
[Date "2023.04.11"]
[Round "2.8"]
[White "Letain, Cory"]
[Black "Nouri, Basir"]
[Result "1-0"]
[WhiteElo "1766"]
[BlackElo "1286"]
[PlyCount "75"]
[EventDate "2023.04.04"]
[EventType "swiss"]
[EventRounds "4"]
[EventCountry "CAN"]

1. e4 e5 2. f4 exf4 3. Nf3 d6 4. Bc4 Bd7 5. O-O Nc6 6. d4 Bg4 7. Bxf4 Bxf3 8.
Qxf3 Nxd4 9. Bxf7+ Kxf7 10. Qh5+ Ke7 11. Nc3 c6 12. e5 Kd7 13. exd6 Bxd6 14.
Bxd6 Nf6 15. Qe5 Qb6 16. Bc5 Qc7 17. Qxd4+ Kc8 18. Rae1 Rd8 19. Qf2 Rd7 20. Ne4
b6 21. Nxf6 gxf6 22. Re8+ Kb7 23. Rxa8 Kxa8 24. Be3 Qe5 25. Qf3 Kb7 26. c3 Rf7
27. Bd4 Qb5 28. a4 Qxb2 29. Qh5 Qb3 30. a5 bxa5 31. Qf5 a4 32. Rb1 Re7 33.
Rxb3+ axb3 34. Qa5 Kc8 35. Qb4 Rb7 36. Qf8+ Kd7 37. Qf7+ Kd6 38. Qxb7 1-0

[Event "Winnipeg TNT 2023.04"]
[Site "Winnipeg CAN"]
[Date "2023.04.11"]
[Round "2.9"]
[White "Odeyemi, Emmanuel"]
[Black "Ash, Cory"]
[Result "0-1"]
[WhiteElo "1509"]
[BlackElo "980"]
[PlyCount "52"]
[EventDate "2023.04.04"]
[EventType "swiss"]
[EventRounds "4"]
[EventCountry "CAN"]

1. d4 Nf6 2. c4 g6 3. Nf3 Bg7 4. Nc3 O-O 5. g3 d6 6. Bg2 c5 7. e3 Bg4 8. O-O e5
9. dxe5 dxe5 10. Qxd8 Rxd8 11. Nxe5 Nc6 12. Nxc6 bxc6 13. Bxc6 Rab8 14. e4 Bf3
15. Re1 Rd4 16. Bd5 Nxd5 17. cxd5 Rd3 18. Re3 c4 19. Rxd3 cxd3 20. Bd2 Rxb2 21.
Nb1 Rc2 22. Bc3 Bxc3 23. Nxc3 Rxc3 24. d6 d2 25. d7 Rc1+ 26. Rxc1 dxc1=Q# 0-1

[Event "Winnipeg TNT 2023.04"]
[Site "Winnipeg CAN"]
[Date "2023.04.11"]
[Round "2.10"]
[White "Zhang, Ziqin"]
[Black "Roberts, Allan"]
[Result "0-1"]
[WhiteElo "1173"]
[BlackElo "1402"]
[PlyCount "64"]
[EventDate "2023.04.04"]
[EventType "swiss"]
[EventRounds "4"]
[EventCountry "CAN"]

1. e4 e5 2. Nf3 f5 3. d3 d6 4. Nc3 Nf6 5. Bg5 Be7 6. g3 fxe4 7. dxe4 Be6 8. Bg2
Nbd7 9. Nh4 c6 10. Nf5 Bxf5 11. exf5 O-O 12. Ne4 d5 13. Nxf6+ Nxf6 14. O-O Qb6
15. Rb1 h6 16. Bh4 Rf7 17. Qe2 e4 18. Kh1 Bc5 19. f3 e3 20. Rfe1 d4 21. f4 Re8
22. Qc4 Qb4 23. Bf1 b5 24. Qb3 Qxb3 25. axb3 Bb4 26. Red1 e2 27. Bxe2 Rxe2 28.
Rxd4 Bc5 29. Bxf6 Rxf6 30. Rd8+ Kh7 31. c3 Rxf5 32. b4 Bb6 0-1

[Event "Winnipeg TNT 2023.04"]
[Site "Winnipeg CAN"]
[Date "2023.04.18"]
[Round "3.1"]
[White "Bince, Rolando"]
[Black "Schwartz, Elazar"]
[Result "1-0"]
[WhiteElo "1855"]
[BlackElo "779"]
[PlyCount "125"]
[EventDate "2023.04.04"]
[EventType "swiss"]
[EventRounds "4"]
[EventCountry "CAN"]

1. e4 e6 2. d3 d5 3. Nd2 c5 4. Ngf3 Nc6 5. c3 Bd7 6. g3 Nf6 7. Bg2 Qc7 8. O-O
O-O-O 9. Qe2 Bd6 10. Re1 Be7 11. e5 Ng8 12. d4 Qb6 13. dxc5 Qxc5 14. Nb3 Qb6
15. Be3 Qc7 16. Bd4 f6 17. Nc5 Nxd4 18. cxd4 Bxc5 19. Rac1 Kb8 20. b4 Qb6 21.
bxc5 Qb5 22. Qd2 Qc6 23. Rb1 Bc8 24. Bf1 Qc7 25. Qb4 Ne7 26. Bb5 Nc6 27. Qa4
Ne7 28. c6 b6 29. Rbc1 Ng6 30. Rc3 h5 31. h4 fxe5 32. Nxe5 Nxe5 33. Rxe5 Rdf8
34. Qd1 Rf5 35. Rce3 a6 36. Ba4 b5 37. Rxf5 exf5 38. Bb3 Qxc6 39. Qe1 Bd7 40.
Re5 Qb6 41. Qe3 Qg6 42. Bxd5 Re8 43. Qf4 Rxe5 44. Qxe5+ Kc8 45. Qe7 Kc7 46. Kg2
Qd6 47. Qf7 Kb6 48. f3 g6 49. Qg8 Bc6 50. Bxc6 Kxc6 51. Qc8+ Kb6 52. Qh8 Ka5
53. Kf2 Ka4 54. Qe5 Qb6 55. Qc5 Qe6 56. d5 Qe8 57. d6 Qg8 58. d7 Qxa2+ 59. Ke3
Qg2 60. d8=Q Qg1+ 61. Kf4 g5+ 62. hxg5 Qf1 63. Qc2+ 1-0

[Event "Winnipeg TNT 2023.04"]
[Site "Winnipeg CAN"]
[Date "2023.04.18"]
[Round "3.2"]
[White "Hansima, Charitha"]
[Black "Rutter, Blair"]
[Result "0-1"]
[WhiteElo "1729"]
[BlackElo "1853"]
[PlyCount "64"]
[EventDate "2023.04.04"]
[EventType "swiss"]
[EventRounds "4"]
[EventCountry "CAN"]

1. Nf3 d5 2. g3 Nf6 3. Bg2 c6 4. Nc3 Nbd7 5. b3 e5 6. e3 Bd6 7. Bb2 O-O 8. O-O
Re8 9. d3 Nf8 10. Ne2 Ng6 11. c4 h6 12. Nc3 Be6 13. Re1 Qd7 14. Qc2 Bh3 15. Bh1
Rad8 16. Nd2 Bc7 17. Rac1 Bb8 18. f4 exf4 19. exf4 Nxf4 20. Nf3 Ng6 21. Ne2 Ng4
22. Qc3 f6 23. Qd4 N4e5 24. Rcd1 Nxf3+ 25. Bxf3 Be5 26. Qxa7 Bxb2 27. Qf2 Qf5
28. d4 Ba3 29. Nc3 Rxe1+ 30. Rxe1 Bb4 31. Re3 Bxc3 32. Rxc3 Qb1+ 0-1

[Event "Winnipeg TNT 2023.04"]
[Site "Winnipeg CAN"]
[Date "2023.04.18"]
[Round "3.3"]
[White "Pottinger, Carl"]
[Black "Stordeur, Jackson"]
[Result "1-0"]
[WhiteElo "1816"]
[BlackElo "1652"]
[PlyCount "33"]
[EventDate "2023.04.04"]
[EventType "swiss"]
[EventRounds "4"]
[EventCountry "CAN"]

1. c4 Nf6 2. Nc3 g6 3. g3 Bg7 4. Bg2 O-O 5. d3 d6 6. e4 e5 7. Nge2 Nc6 8. O-O
a6 9. h3 Rb8 10. Be3 b5 11. Qd2 Be6 12. b3 Re8 13. f4 b4 14. Nd5 Bd7 15. fxe5
Nxd5 16. cxd5 Nxe5 17. d4 1-0

[Event "Winnipeg TNT 2023.04"]
[Site "Winnipeg CAN"]
[Date "2023.04.04"]
[Round "3.4"]
[White "Zhou, Joe"]
[Black "Dhillon, Iqvinder"]
[Result "0-1"]
[WhiteElo "1525"]
[BlackElo "1810"]
[PlyCount "62"]
[EventDate "2023.04.04"]
[EventType "swiss"]
[EventRounds "4"]
[EventCountry "CAN"]

1. c4 f5 2. Nc3 Nf6 3. Nf3 e6 4. d3 Bb4 5. Qc2 b6 6. g3 Bb7 7. Bg2 Nc6 8. O-O
O-O 9. a3 Bxc3 10. Qxc3 d5 11. Bg5 d4 12. Qc2 Qd6 13. Bf4 Qe7 14. Ne5 Na5 15.
b4 Bxg2 16. Kxg2 Nb7 17. Qb2 c5 18. b5 Nd8 19. Qc2 Nf7 20. Qd2 h6 21. h4 Nxe5
22. Bxe5 Ng4 23. f4 Ne3+ 24. Kf2 Nxf1 25. Kxf1 Qb7 26. Kf2 a6 27. Qb2 axb5 28.
cxb5 Ra5 29. Qb3 Qd7 30. a4 Rfa8 31. Qb2 Rxa4 0-1

[Event "Winnipeg TNT 2023.04"]
[Site "Winnipeg CAN"]
[Date "2023.04.18"]
[Round "3.5"]
[White "Kumbharathi, Harsha"]
[Black "Minano, John"]
[Result "1/2-1/2"]
[WhiteElo "1239"]
[BlackElo "1742"]
[PlyCount "69"]
[EventDate "2023.04.04"]
[EventType "swiss"]
[EventRounds "4"]
[EventCountry "CAN"]

1. e4 c5 2. Nf3 d6 3. Nc3 a6 4. d4 cxd4 5. Nxd4 Nf6 6. Be3 e6 7. Bg5 Be7 8. Qf3
Qc7 9. Bd3 Nc6 10. Nxc6 bxc6 11. O-O O-O 12. Qh3 e5 13. Qh4 h6 14. Bxh6 gxh6
15. Qxh6 Ng4 16. Qh5 Nf6 17. Qh6 Nh7 18. f4 Kh8 19. f5 Bg5 20. Qh5 Be3+ 21. Kh1
f6 22. Rf3 Bd4 23. Rg3 Qf7 24. Qh6 Rg8 25. Rg6 Rxg6 26. fxg6 Qg7 27. Qxg7+ Kxg7
28. gxh7 Kxh7 29. Rf1 Kg7 30. Na4 Rb8 31. b3 a5 32. g3 Bh3 33. Rf3 Bg4 34. Rf1
Bh3 35. Rf3 1/2-1/2

[Event "Winnipeg TNT 2023.04"]
[Site "Winnipeg CAN"]
[Date "2023.04.18"]
[Round "3.7"]
[White "Ash, Cory"]
[Black "MacPherson, Al"]
[Result "0-1"]
[WhiteElo "980"]
[BlackElo "1682"]
[PlyCount "82"]
[EventDate "2023.04.04"]
[EventType "swiss"]
[EventRounds "4"]
[EventCountry "CAN"]

1. e4 c5 2. Nf3 d6 3. Nc3 a6 4. d4 cxd4 5. Nxd4 Nf6 6. Bc4 e6 7. Bg5 Be7 8.
Bxf6 Bxf6 9. Nf3 Qc7 10. Qd3 b5 11. Bb3 O-O 12. O-O-O Rd8 13. Rhe1 Bb7 14. g4
Nc6 15. g5 Be7 16. h4 Na5 (16... Ne5 17. Nxe5 dxe5 18. Qe3 b4 19. Na4 Rd4 20.
Rxd4 exd4 21. Qxd4 Qf4+ 22. Qe3 Qxh4 23. Rg1 Qxe4 24. Qxe4 Bxe4 25. c3 a5 26.
c4 Rd8 27. c5 Ba8) 17. Nd4 Nxb3+ 18. Nxb3 b4 19. Ne2 a5 20. f3 a4 21. Nd2 Ba6
22. Qe3 Rdc8 23. c3 Bxe2 (23... bxc3 24. Nxc3 a3 25. Ndb1 axb2+ 26. Kxb2 Bc4
27. Re2 (27. Rd2 d5 28. exd5 Bc5 29. Qf4 (29. Qe4 exd5 30. Nxd5 Rxa2+ 31. Kc1
Bxd5))) 24. Rxe2 bxc3 25. bxc3 Qxc3+ 26. Qxc3 Rxc3+ 27. Kb2 (27. Kb1) 27...
Rac8 28. Nb1 Rxf3 29. Rc1 a3+ 30. Nxa3 Rxc1 31. Kxc1 Rxa3 32. Rb2 Ra4 (32... f6
33. Rb8+ Kf7 34. gxf6 Bxf6 35. Rh8 h6 36. Kb1 g5 37. hxg5 (37. Rh7+ Kg6 38. Rd7
gxh4 39. Rxd6 h3 40. Rd1 h2 41. Rh1 Be5 42. Kc2 Rxa2+ 43. Kd3 Ra1 44. Rxh2 Bxh2
)) 33. Rb8+ Bf8 34. Kb2 d5 35. Kb3 Ra3+ 36. Kb2 dxe4 37. Rb5 e3 38. Re5 Ra4 39.
Rxe3 Rxh4 40. Kb3 Rb4+ 41. Ka3 Re4+ 0-1

[Event "Winnipeg TNT 2023.04"]
[Site "Winnipeg CAN"]
[Date "2023.04.18"]
[Round "3.9"]
[White "Odeyemi, Emmanuel"]
[Black "Ling, Aiden"]
[Result "0-1"]
[WhiteElo "1508"]
[BlackElo "1028"]
[PlyCount "64"]
[EventDate "2023.04.04"]
[EventType "swiss"]
[EventRounds "4"]
[EventCountry "CAN"]

1. d4 d5 2. Nf3 e6 3. e3 c5 4. c4 cxd4 5. exd4 Nc6 6. Nc3 Nf6 7. Bg5 Be7 8. Be2
b6 9. cxd5 Nxd5 10. Bxe7 Ncxe7 11. Bb5+ Bd7 12. Qa4 Nxc3 13. bxc3 Qc7 14. Rc1
Nd5 15. c4 Nf4 16. O-O Ne2+ 17. Kh1 Nxc1 18. Rxc1 a6 19. Ne5 Bxb5 20. Qb4 Rd8
21. c5 O-O 22. h4 f6 23. Nc4 Rxd4 24. g3 Qxc5 25. Qxc5 bxc5 26. Ne3 Bc6+ 27.
Kg1 Rfd8 28. Rxc5 Rd1+ 29. Nf1 Bb5 30. f4 Rxf1+ 31. Kg2 Rd2+ 32. Kh3 Rh1+ 0-1

[Event "Winnipeg TNT 2023.04"]
[Site "Winnipeg CAN"]
[Date "2023.04.18"]
[Round "3.10"]
[White "Repaka, Prabhav"]
[Black "Zhang, Ziqin"]
[Result "1-0"]
[WhiteElo "1335"]
[BlackElo "1173"]
[PlyCount "109"]
[EventDate "2023.04.04"]
[EventType "swiss"]
[EventRounds "4"]
[EventCountry "CAN"]

1. e4 c5 2. Nf3 d6 3. Nc3 Nf6 4. d3 g6 5. Bg5 Bg7 6. Qd2 Nc6 7. Be2 O-O 8. O-O
a6 9. a4 Bd7 10. Bh6 a5 11. Bxg7 Kxg7 12. h3 Nd4 13. Bd1 Qb6 14. b3 Qb4 15.
Nxd4 cxd4 16. Nb1 b5 17. Bf3 bxa4 18. e5 dxe5 19. Bxa8 Rxa8 20. bxa4 Bxa4 21.
Qxb4 axb4 22. Nd2 Nd5 23. Rfe1 Nc3 24. Rxe5 Rc8 25. Rxe7 Bxc2 26. Rb7 Ne2+ 27.
Kh2 Bxd3 28. Rxb4 Rc2 29. Nf3 Rc4 30. Rxc4 Bxc4 31. Ra4 Be6 32. Nxd4 Nxd4 33.
Rxd4 h5 34. f3 f5 35. g4 fxg4 36. hxg4 hxg4 37. fxg4 Kh6 38. Kg3 Kg5 39. Re4
Bd7 40. Re5+ Kf6 41. Ra5 g5 42. Ra6+ Be6 43. Kf3 Ke5 44. Rxe6+ Kxe6 45. Ke4 Kf6
46. Kd5 Kg7 47. Ke5 Kh7 48. Kf5 Kh6 49. Kf6 Kh7 50. Kxg5 Kg7 51. Kf5 Kg8 52.
Kg6 Kh8 53. Kf7 Kh7 54. g5 Kh8 55. Kg6 1-0

[Event "Winnipeg TNT 2023.04"]
[Site "Winnipeg CAN"]
[Date "2023.04.25"]
[Round "4.1"]
[White "Rutter, Blair"]
[Black "Bince, Rolando"]
[Result "1/2-1/2"]
[WhiteElo "1853"]
[BlackElo "1855"]
[PlyCount "176"]
[EventDate "2023.04.04"]
[EventType "swiss"]
[EventRounds "4"]
[EventCountry "CAN"]

1. c4 c5 2. g3 Nf6 3. Bg2 Nc6 4. e4 d6 5. Nc3 g6 6. Nge2 Bg7 7. O-O O-O 8. h3
Be6 9. d3 Nd4 10. Nxd4 cxd4 11. Ne2 Ne8 12. f4 Qc8 13. Kh2 f5 14. Ng1 a5 15.
Bd2 a4 16. Rc1 Ra7 17. Qe2 b6 18. Rfe1 Bf7 19. exf5 gxf5 20. Nf3 h6 21. Qf2 Qc5
22. a3 e5 23. fxe5 dxe5 24. Bb4 Qc7 25. Bxf8 Kxf8 26. Kh1 Bf6 27. Qe2 Ra5 28.
Qf2 Ng7 29. Nh2 Bg5 30. Rc2 Qd7 31. Rce2 Qd6 32. Rd1 h5 33. Qf3 e4 34. dxe4
Bxc4 35. Ree1 Bb3 36. Rd3 Bc2 37. Bf1 Re5 38. Qf2 Bxd3 39. Bxd3 Kg8 40. Nf3 Be3
41. Qc2 Rc5 42. Qg2 fxe4 43. Bxe4 Qc7 44. Kh2 Nf5 45. h4 Kh8 46. Rd1 Qg7 47.
Ne1 Nh6 48. Nd3 Ng4+ 49. Kh1 Rc7 50. Bf5 Rf7 51. Qe4 Nh6 52. Bg6 Re7 53. Qa8+
Ng8 54. Qc6 Rc7 55. Qe6 Ne7 56. Bxh5 Qxg3 57. Qe5+ Qxe5 58. Nxe5 Rc1 59. Nd3
Rxd1+ 60. Bxd1 Nf5 61. h5 Kg7 62. Bxa4 Ng3+ 63. Kg2 Nxh5 64. Kf3 Nf6 65. Bc6
Kf7 66. Ne5+ Ke6 67. Nc4 Ke7 68. Ke2 Kd8 69. Nxe3 dxe3 70. Kxe3 Kc7 71. Bf3 Kd6
72. b4 Nd7 73. Kd4 Ne5 74. Bb7 Ng4 75. Kc4 Kc7 76. Be4 Nf6 77. Bf3 Ne8 78. a4
Nd6+ 79. Kd5 Nf5 80. Be2 Ne7+ 81. Kc4 Nf5 82. Kb5 Nd6+ 83. Ka6 Nc8 84. a5 bxa5
85. Kxa5 Kb8 86. Bf3 Nd6 87. Kb6 Nc4+ 88. Kc5 Ne3 1/2-1/2

[Event "Winnipeg TNT 2023.04"]
[Site "Winnipeg CAN"]
[Date "2023.04.25"]
[Round "4.2"]
[White "Dhillon, Iqvinder"]
[Black "Schwartz, Elazar"]
[Result "1-0"]
[WhiteElo "1810"]
[BlackElo "779"]
[PlyCount "53"]
[EventDate "2023.04.04"]
[EventType "swiss"]
[EventRounds "4"]
[EventCountry "CAN"]

1. b3 d6 2. Bb2 e5 3. e3 Nf6 4. Ne2 g6 5. d4 exd4 6. Nxd4 Bg7 7. Nc3 O-O 8. Qd2
b6 9. O-O-O Bb7 10. f3 Bh6 11. Kb1 Nd5 12. Nxd5 Bxd5 13. Nf5 gxf5 14. Qxd5 Nd7
15. Qxf5 Bxe3 16. Bd3 Qh4 17. Qxd7 Rac8 18. Qf5 Qh6 19. Bf6 Qg6 20. Qh3 Qh6 21.
Qg4+ Bg5 22. Bxg5 Qg7 23. Qf4 Rfe8 24. Bf6 Qxg2 25. Rhg1 Qxg1 26. Rxg1+ Kf8 27.
Qh6# 1-0

[Event "Winnipeg TNT 2023.04"]
[Site "Winnipeg CAN"]
[Date "2023.04.25"]
[Round "4.4"]
[White "Minano, John"]
[Black "Zhou, Joe"]
[Result "0-1"]
[WhiteElo "1742"]
[BlackElo "1525"]
[PlyCount "67"]
[EventDate "2023.04.04"]
[EventType "swiss"]
[EventRounds "4"]
[EventCountry "CAN"]

1. e4 e5 2. Bc4 Nc6 3. Nf3 Bc5 4. d3 d6 5. h3 h6 6. c3 Nf6 7. Nbd2 O-O 8. Bb3
Re8 9. Nf1 d5 10. Qe2 d4 11. Ng3 a6 12. Nh2 Qd6 13. Bd2 Be6 14. Bc2 b5 15. Ng4
Nh7 16. O-O Rad8 17. Nf5 Bxf5 18. exf5 Nf6 19. Qf3 dxc3 20. Nxf6+ Qxf6 21. Bxc3
b4 22. Ba4 bxc3 23. Bxc6 cxb2 24. Rab1 Re7 25. Be4 Bd4 26. g4 Qg5 27. Kg2 Rb8
28. Bd5 Rb5 29. Bc4 Rc5 30. Qa8+ Kh7 31. Qf8 Qf6 32. Rh1 Qc6+ 33. Kg3 Qd6 34.
Bxf7 0-1

[Event "Winnipeg TNT 2023.04"]
[Site "Winnipeg CAN"]
[Date "2023.04.25"]
[Round "4.5"]
[White "Bilugan, Mason"]
[Black "Hansima, Charitha"]
[Result "0-1"]
[WhiteElo "1333"]
[BlackElo "1729"]
[PlyCount "116"]
[EventDate "2023.04.04"]
[EventType "swiss"]
[EventRounds "4"]
[EventCountry "CAN"]

1. e4 c5 2. Nf3 Nc6 3. d4 cxd4 4. Nxd4 Nf6 5. Nc3 e5 6. Nb3 Be7 7. Bd3 O-O 8.
O-O d6 9. f4 a5 10. a4 Be6 11. f5 Bxb3 12. cxb3 Nb4 13. Bc4 Qb6+ 14. Kh1 Qd4
15. Re1 Qxd1 16. Rxd1 Rfd8 17. Bd5 Rd7 18. Bc4 Rad8 19. Bb5 Rc7 20. Be3 Ra8 21.
Bb6 Rcc8 22. Nd5 Nfxd5 23. exd5 Bg5 24. Bc4 Nc2 25. Rab1 Be3 26. Bxe3 Nxe3 27.
Rdc1 Nxf5 28. Re1 Rc7 29. g3 Nd4 30. Kg2 Re8 31. g4 Ree7 32. Re4 b6 33. Kf2 h6
34. h3 g6 35. Rg1 Kg7 36. Ree1 f6 37. Re3 Kf7 38. h4 f5 39. gxf5 Nxf5 40. Rf3
Kf6 41. h5 g5 42. Bd3 e4 43. Rxf5+ Kxf5 44. Bc4 Kf4 45. Ke2 Rf7 46. Rg2 Ke5 47.
Kd2 Kd4 48. Ke2 Rf4 49. Ke1 e3 50. Rg1 Rcf7 51. Ke2 Rf2+ 52. Kd1 Rxb2 53. Rg4+
Rf4 54. Rg3 Rff2 55. Rg4+ Kc3 56. Kc1 Rbd2 57. Kb1 Rb2+ 58. Kc1 Rfc2+ 0-1

[Event "Winnipeg TNT 2023.04"]
[Site "Winnipeg CAN"]
[Date "2023.04.25"]
[Round "4.6"]
[White "Stordeur, Jackson"]
[Black "March, John"]
[Result "1-0"]
[WhiteElo "1652"]
[BlackElo "1402"]
[PlyCount "77"]
[EventDate "2023.04.04"]
[EventType "swiss"]
[EventRounds "4"]
[EventCountry "CAN"]

1. e4 c6 2. d4 d5 3. exd5 cxd5 4. c4 Nf6 5. Nc3 g6 6. Qb3 Bg7 7. cxd5 Qb6 8.
Qxb6 axb6 9. Nf3 O-O 10. Bc4 Re8 11. O-O Bf5 12. Bf4 Nh5 13. Be3 e5 14. dxe5
Bxe5 15. Nxe5 Rxe5 16. Bxb6 Nd7 17. Bd4 Re7 18. d6 Ree8 19. Rfe1 Nf8 20. Nd5
Rxe1+ 21. Rxe1 Ng7 22. Nf6+ Kh8 23. Bxf7 Nfe6 24. Bc3 Rf8 25. Bxe6 Bxe6 26.
Rxe6 Nxe6 27. Nd7+ Kg8 28. Nxf8 Nxf8 29. Kf1 Kf7 30. Ke2 Ke6 31. Ke3 b5 32. Kd4
Nd7 33. Bb4 Nb6 34. Kc5 Nc4 35. Kxb5 Nxd6+ 36. Bxd6 Kxd6 37. a4 Kc7 38. b4 Kb7
39. Kc5 1-0

[Event "Winnipeg TNT 2023.04"]
[Site "Winnipeg CAN"]
[Date "2023.04.25"]
[Round "4.7"]
[White "Ling, Aiden"]
[Black "Roberts, Allan"]
[Result "1-0"]
[WhiteElo "1028"]
[BlackElo "1402"]
[PlyCount "38"]
[EventDate "2023.04.04"]
[EventType "swiss"]
[EventRounds "4"]
[EventCountry "CAN"]

1. e4 e6 2. d4 d5 3. Bd3 dxe4 4. Bxe4 Nf6 5. Bf3 c5 6. Be3 Qc7 7. Nc3 Nc6 8.
dxc5 Ne5 9. Qd4 Ned7 10. Na4 Be7 11. O-O-O O-O 12. Ne2 Rd8 13. Qc3 Nf8 14. Bf4
Rxd1+ 15. Rxd1 Nd5 16. Rxd5 Bg5 17. Rxg5 e5 18. Bxe5 Qd7 19. Rxg7+ Kh8 1-0

[Event "Winnipeg TNT 2023.05"]
[Site "Winnipeg CAN"]
[Date "2023.05.02"]
[Round "1.1"]
[White "Odeyemi, Emmanuel"]
[Black "Bonness, Will"]
[Result "1-0"]
[WhiteElo "1446"]
[BlackElo "1912"]
[PlyCount "99"]
[EventDate "2023.05.02"]
[EventType "swiss"]
[EventRounds "5"]
[EventCountry "CAN"]

1. e4 d5 2. e5 c5 3. d4 Nc6 4. c3 cxd4 5. cxd4 Bf5 6. a3 e6 7. Nf3 Nge7 8. Bb5
a6 9. Be2 h6 10. Nc3 Bh7 11. h3 Nf5 12. Bd3 Bg6 13. Bb1 Be7 14. O-O O-O 15. Bf4
Nh4 16. Nxh4 Bxb1 17. Rxb1 Bxh4 18. Be3 Be7 19. Qg4 Kh7 20. f4 g6 21. Bf2 b5
22. b4 Qe8 23. Rfd1 Rc8 24. Rbc1 Nb8 25. Qe2 Rc4 26. Na2 Nd7 27. Rxc4 bxc4 28.
Nc3 Nb6 29. Qc2 Qc6 30. Rb1 Ra8 31. a4 a5 32. b5 Qb7 33. g4 Qc8 34. Be3 Qd8 35.
Rf1 Qg8 36. Kh1 Qc8 37. f5 Qg8 38. f6 Bb4 39. Ne2 Qf8 40. Nf4 c3 41. h4 Kh8 42.
Nxg6+ fxg6 43. Qxg6 Qg8 44. Qxh6+ Qh7 45. f7 Bf8 46. Qxh7+ Kxh7 47. g5 Nc4 48.
Bc1 Nd2 49. Rf6 Ra7 50. h5 1-0

[Event "Winnipeg TNT 2023.05"]
[Site "Winnipeg CAN"]
[Date "2023.05.02"]
[Round "1.2"]
[White "Bince, Rolando"]
[Black "Trueman, Francis"]
[Result "1-0"]
[WhiteElo "1855"]
[BlackElo "1433"]
[PlyCount "63"]
[EventDate "2023.05.02"]
[EventType "swiss"]
[EventRounds "5"]
[EventCountry "CAN"]

1. e4 e5 2. f4 d6 3. Nc3 Nd7 4. d4 exd4 5. Qxd4 c5 6. Qd2 Nb6 7. Nf3 Be7 8.
Bb5+ Bd7 9. O-O Bxb5 10. Nxb5 Nf6 11. Qe2 O-O 12. c4 a6 13. Nc3 Qc7 14. b3 Nfd7
15. Bb2 Rfe8 16. Qd2 Bf6 17. Rae1 Nf8 18. Nd5 Nxd5 19. exd5 Bxb2 20. Qxb2 Ng6
21. g3 b5 22. Qc2 Qd7 23. f5 Ne5 24. Nxe5 dxe5 25. f6 gxf6 26. Rxf6 Qe7 27. Qf5
Rad8 28. Rf1 Rf8 29. Rh6 f6 30. Rxf6 Rxf6 31. Qxf6 Qxf6 32. Rxf6 1-0